Arab Cup Winners - Statistics

General Stats
  • This quiz has been taken 7 times
  • The average score is 9 of 15
Answer Stats
Hint Answer % Correct
Algeria Final
100%
Oman League
67%
UAE League
67%
Saudi Arabia League
67%
Bahrain League
67%
Morroco League
67%
Palestine League
67%
Sudan League
67%
Yemen League
67%
Djibouti League
67%
Comoros League
67%
Libya League
67%
Qatar Semi final
67%
Tunisia 2nd Place
0%
Egypt 4th Place
0%
No matching quizzes found
Score Distribution
Percent of People with Each Score
Percentile by Number Answered
Your Score History
You have not taken this quiz